Modern English workbook Exercises and drillsfor advanced students

Tallennettuna:
Bibliografiset tiedot
Päätekijä: Thomas Lee Crowell
Aineistotyyppi: Kirja
Kieli:Undetermined
Julkaistu: New York McGraw-Hill 1961
Aiheet:
Tagit: Lisää tagi
Ei tageja, Lisää ensimmäinen tagi!
Thư viện lưu trữ: Trung tâm Học liệu Trường Đại học Cần Thơ
LEADER 00571nam a2200193Ia 4500
001 CTU_759
008 210402s9999 xx 000 0 und d
082 |a 428.076 
082 |b C953 
100 |a Thomas Lee Crowell 
245 0 |a Modern English workbook 
245 0 |b Exercises and drillsfor advanced students 
245 0 |c Thomas Lee Crowell 
260 |a New York 
260 |b McGraw-Hill 
260 |c 1961 
650 |a english language - study and teaching - foreign speakers 
904 |i Minh, 960806 
980 |a Trung tâm Học liệu Trường Đại học Cần Thơ